01754nam a22003977a 4500003000500000005001700005008004100022010001100063011001100074035001100085040000900096090001000105100004300115245016300158260004000321500006000361502007100421590003700492590004100529590004100570590004100611590004100652590004100693590004200734650002300776650003400799650002800833856006400861901000700925942000900932949005800941949006300999999001901062952014001081952013501221CHAP20220817044540.0100912s2012 mx r 00010 spa d a103899 a104871 a115561 cCHAP aTesis1 aRazo Burgos, José de Jesús.99488210aEvaluación económica y financiera de la jamaica (Hibiscus sabdariffa L.) bajo sistema de riego por goteoh[En línea]c/por José de Jesús Razo Burgos aChapingo, Méx. :bEl autor,c2012 aPara ver el contenido del material haga clic en la liga aTesis (Ing. en Irrigación) -- UACH. Departamento de Irrigación aALEPHb10c20130110lUCH01h1546 aBATCH-UPDb10c20130110lUCH01h1120 aBATCH-UPDb10c20130410lUCH01h0710 aBATCH-UPDb10c20130914lUCH01h1701 aBATCH-UPDb10c20140324lUCH01h1534 aBATCH-UPDb10c20141002lUCH01h0855 aCONVERSIONb10c20130109lUCH01h135714aJamaicaxMercadeo.14aJamaicaxProducción.96100014aRiego por goteo.997380 3Finding aiduhttp://10.13.5.2/tesis/115561.pdfzTeclea aqui aBK cFOLL aTesisbBCcTESd33724002331248eTS1h54007i115561st aTesisbBCcTESd33724002331280eTS2fc.2h54008i115561st c103899d103899 00102local4053708TESISaBCbBCcPA_TESISd2019-12-31fTESISl0oTesisp33724002331280r2019-12-31 00:00:00tc.2w2019-12-31yTESIS 00102local4051708TESISaBCbBCcPA_TESISd2019-12-31fTESISl0oTesisp33724002331248r2019-12-31 00:00:00w2019-12-31yTESIS